| 000 | 00951nam a2200217 i 4500 | ||
|---|---|---|---|
| 001 | 000611036 | ||
| 003 | AM-YeHGA | ||
| 005 | 20250617135633.0 | ||
| 008 | 081110s1987 ||| r 000 0 rus d | ||
| 040 | _aAM-YeHGA | ||
| 041 | 0 | _arus | |
| 245 | 0 | 0 |
_aРабочие таблицы классификации УДК по проблеме "Труд" / _cГПНТБ СССР; Сост. Мурашковская Э. А. |
| 260 |
_aМосква : _bГПНТБ СССР, _c1987. |
||
| 300 | _a132 с. | ||
| 504 | _aБиблиогр.: с. 131 | ||
| 653 | 0 | _aУниверсальная десятичная классификация - Таблицы | |
| 653 | 0 | _aТруд - Систематизация литературы десятичная | |
| 700 | 1 |
_aМурашковская, Э.А. _eсост. _4com |
|
| 710 | 2 | _aГосударственная публичная научно-техническая библиотека | |
| 090 | _c205822 | ||
| 999 |
_c204327 _d204327 |
||